Vybrané problémy tvorby cien v cestnej doprave
Charakteristika minulej a súčasnej situácie v oblasti cenovej politiky v cestnej doprave na Slovensku. Vymedzenie minimálnej a maximálnej ceny v cestnej doprave. Problémy pri tvorbe cien v cestnej doprave. Prepojenosť na tok dotácií zo štátneho rozpočtu (zľavy na cestovnom).
Salvato in:
| Autore principale: | |
|---|---|
| Natura: | Capitolo di libro |
| Lingua: | slovacco |
| Soggetti: | |
| Tags: |
Nessun Tag, puoi essere il primo ad aggiungerne!!
|
MARC
| LEADER | 00000naa a2200000 4500 | ||
|---|---|---|---|
| 001 | r017668 | ||
| 005 | 20221205101731.6 | ||
| 041 | 0 | |a slo | |
| 044 | |a SK | ||
| 245 | 1 | 0 | |a Vybrané problémy tvorby cien v cestnej doprave |c Jozef Gnap |
| 520 | |a Charakteristika minulej a súčasnej situácie v oblasti cenovej politiky v cestnej doprave na Slovensku. Vymedzenie minimálnej a maximálnej ceny v cestnej doprave. Problémy pri tvorbe cien v cestnej doprave. Prepojenosť na tok dotácií zo štátneho rozpočtu (zľavy na cestovnom). | ||
| 610 | 2 | 0 | |a doprava cestná |
| 610 | 2 | 0 | |a doprava cestná nákladná |
| 610 | 2 | 0 | |a doprava cestná osobná |
| 610 | 2 | 0 | |a ceny |
| 610 | 2 | 0 | |a politika cenová |
| 610 | 2 | 0 | |a tvorba cien |
| 610 | 2 | 0 | |a Slovensko |
| 610 | 2 | 0 | |a kalkulácia nákladov |
| 610 | 2 | 0 | |a preprava |
| 610 | 2 | 0 | |a tarify |
| 610 | 2 | 0 | |a podnikanie |
| 100 | 1 | |a Gnap, Jozef | |